| 000 | 00693nam a2200241Ia 4500 | ||
|---|---|---|---|
| 003 | OSt | ||
| 005 | 20220925215242.0 | ||
| 006 | a|||||r|||| 00| 0 | ||
| 007 | ta | ||
| 008 | 220923b |||||||| |||| 00| 0 eng d | ||
| 020 | _a0435847864 | ||
| 037 | _cGeneral Book | ||
| 040 |
_aRTL _cRTL _beng |
||
| 041 |
_2eng _aeng |
||
| 082 | _aX65291.687.N7, L6 | ||
| 100 |
_aScott MFG _9282432 |
||
| 245 | 0 |
_aProject appraisal in practice _b the little-mirrlee |
|
| 260 |
_aLondon _bHeinemann Education Books _c1976 |
||
| 300 |
_axxv, 548p. Bib p 535-40 _ccm. |
||
| 650 | _aSecurity | ||
| 942 |
_hX65291.687.N7, L6 _cGB _2CC |
||
| 999 |
_c568285 _d568285 |
||